000 004110000a22001570004500
060 _a100
082 _a582.13012 PRI
100 _aPriti, Sukla
100 _aShital P, Misra
245 _aIntroduction to taxonomy of angiosperms
260 _aNewdelhi, Vikas Publishing House Pvt Ltd
260 _c1979
300 _a546
650 _aTaxonomy- Angiosperms/ Angiosperm-Taxonomy/ Herbarium
942 _cBK
999 _c357515
_d357515